| 000 | 00954nam a2200253 u 4500 | ||
|---|---|---|---|
| 003 | MX-MxUPN | ||
| 005 | 20250805063908.0 | ||
| 008 | 190618s2006 fr d gr 000 0 spa d | ||
| 035 | _aUPN01000231388 | ||
| 040 |
_aMX-MxUPN _bspa _cMX-MxUPN |
||
| 041 | _aspa | ||
| 050 | 0 | 4 |
_aAS4 U8 _bI54 2006 |
| 110 | 2 |
_aUnesco _922938 |
|
| 245 | 0 | 0 | _aInforme del director general sobre las actividades de la organización en 2004-2005, presentado a los estados miembros y al consejo ejecutivo en cumplimiento del artículo VI.3.b de la constitución |
| 246 | 1 | 4 |
_aInforme del director general : _b2004-2005 : 34 c/3 |
| 260 |
_aParís : _bOrganización de las Naciones Unidas para la Educación la Ciencia y la Cultura, _c2006. |
||
| 300 |
_a90 páginas : _bgráficas |
||
| 610 | 2 | 4 |
_aUnesco _vInformes _922943 |
| 610 | 2 | 2 |
_aUnesco. _bDirector General _935247 |
| 902 | _bMaríaRobles/211024 | ||
| 905 | _aLibro | ||
| 942 |
_n0 _cFOLL _2lcc |
||
| 999 |
_c203483 _d203483 |
||